000
00319nam a22001457a 4500
020
_a
0-7451-5070-5
082
_a
823
_b
MUL/I
100
_a
MULHERIN, JENNIFER
100
_a
HEAP, JONATHAN
245
_a
OTHELLO
260
_a
BATH, AVON
_b
CHERRY TREE
_c
1999
300
_a
30
650
_a
ENGLISH STORY
_z
USA
942
_c
BK
999
_c
2649
_d
2649